Southville International School and Colleges
Your cart is empty.
  • Cart
  • Lists
    Public lists Eva Luna New books Lux_list list_1
    Your lists Log in to create your own lists
  • Log in to your account
  • Your cookies
  • Search history
Southville International School and Colleges
  • Advanced search
  • Recent comments
  • Most popular
  • Libraries

Log in to your account

Log in with GOOGLE


If you do not have an external account, but do have a local account, you can still log in:

  1. Home
  2. MARC view: Scat, cat! /
Normal view MARC view ISBD view

Scat, cat! / (Record no. 102101)

[ view plain ]
MARC details
000 -LEADER
fixed length control field 00534nam a2200181 a 4500
005 - DATE AND TIME OF LATEST TRANSACTION
control field 20140412111228.0
008 - FIXED-LENGTH DATA ELEMENTS--GENERAL INFORMATION
fixed length control field 020415s19uu xx 00 eng d
020 ## - INTERNATIONAL STANDARD BOOK NUMBER
International Standard Book Number 971-08-3550-5
050 ## - LIBRARY OF CONGRESS CALL NUMBER
Classification number TR(PS E
Item number Sc8 1983
100 ## - MAIN ENTRY--PERSONAL NAME
Personal name Raabe, Janis Asad
245 ## - TITLE STATEMENT
Title Scat, cat! /
Statement of responsibility, etc by Janis Asad Raabe; illustrated by Emil Ian.
260 ## - PUBLICATION, DISTRIBUTION, ETC. (IMPRINT)
Place of publication, distribution, etc Philippines :
Name of publisher, distributor, etc National Bookstore Inc,
Date of publication, distribution, etc 1983.
300 ## - PHYSICAL DESCRIPTION
Extent 8 p. ; ill.
440 ## - SERIES STATEMENT/ADDED ENTRY--TITLE
Title Phonics Practice Readers, Series A, bk. 5
500 ## - GENERAL NOTE
General note s - blends
650 ## - SUBJECT ADDED ENTRY--TOPICAL TERM
Topical term or geographic name as entry element Reading
Holdings
Withdrawn status Lost status Damaged status Home library Current library Shelving location Date acquired Source of acquisition Total Checkouts Full call number Barcode Date last seen Price effective from Koha item type
      Elizalde Library Elizalde Library Teachers Reference Section 04/15/2002     TR(PS E Sc8 1983 E0518 04/12/2014 04/12/2014 Books

Scat, cat! /

APA

Raabe J. A., . (1983). Scat, cat!. Philippines: National Bookstore Inc.

Chicago

Raabe Janis Asad, . 1983. Scat, cat!. Philippines: National Bookstore Inc.

Harvard

Raabe J. A., . (1983). Scat, cat!. Philippines: National Bookstore Inc.

MLA

Raabe Janis Asad, . Scat, cat!. Philippines: National Bookstore Inc. 1983.

  • Place hold
  • Print
  • Cite
  • Add to your cart (remove)
  • Save record
    BIBTEX Dublin Core MARCXML MARC (non-Unicode/MARC-8) MARC (Unicode/UTF-8) MARC (Unicode/UTF-8, Standard) MODS (XML) RIS
  • More searches
    Search for this title in:
    Other Libraries (WorldCat) Other Databases (Google Scholar) Online Stores (Bookfinder.com) Open Library (openlibrary.org)

Exporting to Dublin Core...

SOUTHVILLE LIBRARY

Southville International School and Colleges Library

1281 Tropical Ave. Cor. Luxembourg St., BF Homes International, Las Pinas City

Tel. No. 8256374 / 252358 Loc. 117/146

Powered by Koha